| 000 | 01077nam1a2200337 i 4500 | ||
|---|---|---|---|
| 001 | RU\NLR\bibl\1303540 | ||
| 005 | 20241103041653.0 | ||
| 035 | _a(NLR Aleph) 001289080 | ||
| 090 |
_a547623 _c547623 |
||
| 100 | _a20081208g20 9999u y0rusy50 ca | ||
| 101 | 0 | _achu | |
| 102 | _aRU | ||
| 105 | _a||||z ||||| | ||
| 200 | 1 | _aОктоих, сиречь Осмогласник | |
| 210 |
_aМосква _cПравило веры _aСергиев Посад _cСвято-Троицкая Сергиева Лавра _d2007 |
||
| 215 | _d24 | ||
| 300 | _aЗагл. обл.: Октоих | ||
| 300 | _aЗагл. и текст на церковнослав. яз. | ||
| 463 | 0 | _10011238331 | |
| 463 | 0 | _10011239316 | |
| 512 | 0 | _aОктоих | |
| 517 | 0 | _aОсмогласник | |
| 606 |
_aОктоих _92072666 _3RU\NLR\auth\661247511 |
||
| 686 | _aЭ372.24-507.14 | ||
| 801 | 0 |
_aRU _bNLR _c20081208 _gRCR |
|
| 801 | 1 |
_aRU _bNLR _c20081208 |
|
| 852 |
_aNLR _j2008-7/3591 |
||
| 942 | _cBOOK | ||